000 00660nam a2200193Ii 4500
003 JO-AjNU
008 230605s9999||||xx |||||||||||||| ||und||
040 _aJO-AjNU
_bara
_erda
_cJO-AjNU
041 _aara
050 1 4 _aDS149.G3712 1997
100 3 _aغارودي، روجية؛ ترجمة الشوفي، نزية,
_eauthor
_919852
245 0 0 _aقضية إسرائيل: دراسة في الصهيونية السياسية
264 3 1 _aبيروت: المنارة ، 1997
300 _a178ص
336 _atext
_btxt
_2rdacontent
337 _aunmediated
_bn
_2rdamedia
338 _avolume
_bnc
_2rdacarrier
650 4 _aالصهونية-تاريخ
_919853
999 _aA6624
_c10192
_d10192